| 000 | 00443nam a2200169Ia 4500 | ||
|---|---|---|---|
| 008 | 230718s9999 xx 000 0 und d | ||
| 020 | _a9788190845250 | ||
| 041 | _aeng | ||
| 082 |
_a658.4 _bSET |
||
| 100 |
_aSeth M. _9128137 |
||
| 245 |
_aChange _bA Case Study Special |
||
| 260 |
_c2010 _bBusiness World |
||
| 300 | _a264 | ||
| 365 |
_cRs. _b295.00 |
||
| 700 |
_aSeth M. _9128137 |
||
| 906 |
_dO:0085605-Jun-2010B:408703-May-2010 _cMGMT _b59 |
||
| 999 |
_c325002 _d325002 |
||